Statistics for Best selling video games series of all time

Click here to take the quiz!

General Stats

  • This quiz has been taken 79 times
  • The average score is 24 of 42

Answer Stats

HintAnswer% Correct
Stars an Italian plumberMario
96%
Gotta' Catch em allPokemon
93%
Lots of Nazi ZombiesCall of Duty
91%
GOAAAL!FIFA
91%
LeBronNBA
82%
Laura CroftTomb Raider
82%
Classic Russian GameTetris
81%
Ryu vs. Chun LiStreet Fighter
79%
Niko, It's Roman!GTA
78%
The heroes name is Link not...Zelda
78%
Master ChiefHalo
73%
And It's JOHN CENA!WWE
72%
Nathan DrakeUncharted
69%
An anthropomorphic eastern barred bandicootCrash Bandicoot
67%
Gotta go fast!Sonic
67%
Don't miss the hay wagonAssassin's Creed
66%
NotchMinecraft
66%
A survival horror, set in raccoon cityResident Evil
64%
An ape with a chimapnzee side kickDonkey Kong
63%
DanceJust Dance
58%
Waka Waka WakaPac Man
55%
FPS, one game was during WWIBattlefield
54%
KamehamehaDragon Ball
54%
Hunt monstersMonster Hunter
52%
Vrooom.Need For Speed
52%
I have the high ground!Star Wars
52%
Fus Ro DahElder Scrolls
46%
Hike!Madden
46%
Hiding in this box is a fullproof planMetal Gear
46%
Another Goal.PES
40%
Fighting game, created by namcoTekken
40%
Vroom (In Italian)Gran Turismo
39%
You Have Died Of DysenteryOregon Trail
39%
"This game should be called, Wait for your death in real time" - ConanFinal Fantasy
37%
Keep the rhythmGuitar Hero
33%
You're on a quest to defeat monsters and dragonsDragon Quest
30%
MattWii
27%
Stop the templarThe Sims
25%
Candy Crush's GrandfatherBejeweled
21%
Snap and buildLego
21%
Add shaggySuper Smash Bros
21%
Based on a series of books by the same authorTom Clancy
13%

Score Distribution

Percentile by Number Answered

Percent of People with Each Score

Your Score History

You have not taken this quiz